000 00537nam a22001937a 4500
003 KOHA_MİRAKIL
005 20250926121029.0
008 250926b tu ||||| |||| 00| 0 tur d
020 _a9786257705417
040 _aTR-AnABB
_btur
_cTR-AnABB
041 _atur
082 _a813.42
_bYIL 2021
100 1 _aYılmaz, Ercan,
245 1 0 _aKölelikten sultanlığa /
_cErcan Yılmaz
260 _aİstanbul :
_bYeditepe Yayınevi,
_c2021
300 _a288 sayfa ;
_c21 cm
650 0 4 _aTürk edebiyatı, roman
942 _2ddc
_cBK
999 _c8912
_d8912
900 _bGizem YORULMAZ